| 000 | 00565nam a22002057a 4500 | ||
|---|---|---|---|
| 003 | OSt | ||
| 005 | 20230627092802.0 | ||
| 008 | 230627b |||||||| |||| 00| 0 eng d | ||
| 020 | _a0714683639 | ||
| 040 |
_cNIRUC _dNIRUC |
||
| 050 |
_aUB251.D38 _b2004 |
||
| 100 |
_aDavies, Philip H. J. _d2004 |
||
| 245 | _aM16 and the machinery of spying/ by Philip H. J. Daviies | ||
| 260 |
_aLondon ; _bFrank Cass, _c2004 |
||
| 300 |
_axv, 390p.; _bill. _c23cm |
||
| 650 | _2Intelligence service | ||
| 650 | _2Intelligence service | ||
| 650 | _2Management | ||
| 942 |
_2lcc _cBK _n0 |
||
| 999 |
_c271 _d271 |
||